| Tag |
First Indicator |
Second Indicator |
Subfields |
| LEADER |
00000pam a2200000E 4500 |
| 001 |
in00000458821 |
| 005 |
20151012155559.0 |
| 008 |
730201s1973 nyu b 00100 eng d |
| 010 |
|
|
|a 72012405
|
| 020 |
|
|
|a 0801407613
|c $9.50
|
| 035 |
|
|
|a (OCoLC)00578015
|
| 035 |
|
|
|9 ABZ2106AM
|
| 040 |
|
|
|a DLC
|c DLC
|d TXA
|d UtOrBLW
|
| 041 |
1 |
|
|a eng
|a fre
|
| 049 |
|
|
|a TXAM
|c [1147768]
|
| 050 |
0 |
0 |
|a HX523
|b .A7613
|
| 082 |
0 |
|
|a 335.4/11
|
| 100 |
1 |
|
|a Arvon, Henri,
|d 1914-
|
| 240 |
1 |
2 |
|a L'esthetique marxiste. English
|
| 245 |
1 |
0 |
|a Marxist esthetics /
|c Translated from the French by Helen R. Lane. With an introd. by Fredric Jameson.
|
| 264 |
|
1 |
|a Ithaca [N.Y.] :
|b Cornell University Press,
|c [1973]
|
| 300 |
|
|
|a xxiv, 125 pages ;
|c 21 cm.
|
| 336 |
|
|
|a text
|b txt
|2 rdacontent
|
| 337 |
|
|
|a unmediated
|b n
|2 rdamedia
|
| 338 |
|
|
|a volume
|b nc
|2 rdacarrier
|
| 500 |
|
|
|a Translation of L'esthetique marxiste.
|
| 504 |
|
|
|a Includes bibliographical references.
|
| 650 |
|
0 |
|a Communism and culture.
|
| 740 |
2 |
|
|a L'esthetique marxiste. English.
|
| 999 |
|
|
|a MARS
|
| 999 |
f |
f |
|s 91ce477f-11a9-32b3-bb2a-ae12e94f58f3
|i dd7fe355-33ed-313d-8f15-f88e0df4dff7
|t 0
|
| 952 |
f |
f |
|p ric
|a Texas A&M University
|b Rellis Campus
|c Joint Library Facility
|d Remote Storage
|t 0
|e HX523 .A7613
|h Library of Congress classification
|i unmediated -- volume
|m A14803058504
|
| 998 |
f |
f |
|a HX523 .A7613
|t 0
|l Remote Storage
|